<?xml version="1.0" encoding="UTF-8"?>
<collection xmlns="http://www.loc.gov/MARC21/slim">
<record>
  <controlfield tag="001">168645</controlfield>
  <controlfield tag="005">20260212205631.0</controlfield>
  <datafield tag="024" ind1="7" ind2=" ">
    <subfield code="2">doi</subfield>
    <subfield code="a">10.1155/jnme/9563746</subfield>
  </datafield>
  <datafield tag="024" ind1="8" ind2=" ">
    <subfield code="2">sideral</subfield>
    <subfield code="a">148068</subfield>
  </datafield>
  <datafield tag="037" ind1=" " ind2=" ">
    <subfield code="a">ART-2026-148068</subfield>
  </datafield>
  <datafield tag="041" ind1=" " ind2=" ">
    <subfield code="a">eng</subfield>
  </datafield>
  <datafield tag="100" ind1=" " ind2=" ">
    <subfield code="a">Rico-González, Markel</subfield>
  </datafield>
  <datafield tag="245" ind1=" " ind2=" ">
    <subfield code="a">The effects of physical activity together with nutrition programs in educational settings on obesity and overweight reduction in preschool children: a systematic review of randomized controlled trials</subfield>
  </datafield>
  <datafield tag="260" ind1=" " ind2=" ">
    <subfield code="c">2026</subfield>
  </datafield>
  <datafield tag="520" ind1="3" ind2=" ">
    <subfield code="a">The first years of life are crucial to start preventive interventions that can have an impact on lifestyle and later overweight and obesity. Being obese during preschool years increases the likelihood of remaining obese as an adult and is associated with serious health conditions. Combined physical activity and nutritional interventions may produce synergistic effects on child development, but evidence from school‐based programs is still limited. This systematic review investigated the impact of physical activity programs with simultaneous nutrition‐related interventions in obese preschoolers. Methods: Systematic search across five databases (PubMed, ProQuest, SCOPUS, Web of Science, and SPORTDiscus) up to August 31, 2025. Randomized controlled trials examining combined in‐preschool physical activity and nutrition‐related interventions in preschool children recruited from educational settings were included. Methodological quality was rated using the RoB‐2 scale. This systematic review was registered in PROSPERO. Conclusions: Combined preschool‐based interventions integrating physical activity and nutrition show modest but consistent benefits in reducing BMI and improving dietary and behavioral outcomes in obese preschoolers. Family involvement and structural changes in the school environment appear to enhance effectiveness. Despite methodological limitations and heterogeneity across trials, evidence supports preschool years as a critical window for obesity prevention. Future studies should adopt standardized outcomes, longer follow‐up, and cost‐effectiveness analyses to inform large‐scale implementation.</subfield>
  </datafield>
  <datafield tag="506" ind1="0" ind2=" ">
    <subfield code="a">Access copy available to the general public</subfield>
    <subfield code="f">Unrestricted</subfield>
  </datafield>
  <datafield tag="540" ind1=" " ind2=" ">
    <subfield code="9">info:eu-repo/semantics/openAccess</subfield>
    <subfield code="a">by</subfield>
    <subfield code="u">https://creativecommons.org/licenses/by/4.0/deed.es</subfield>
  </datafield>
  <datafield tag="655" ind1=" " ind2="4">
    <subfield code="a">info:eu-repo/semantics/article</subfield>
    <subfield code="v">info:eu-repo/semantics/publishedVersion</subfield>
  </datafield>
  <datafield tag="700" ind1=" " ind2=" ">
    <subfield code="a">Moreno-Villanueva, Adrián</subfield>
  </datafield>
  <datafield tag="700" ind1=" " ind2=" ">
    <subfield code="a">Gómez-Carmona, Carlos D.</subfield>
    <subfield code="u">Universidad de Zaragoza</subfield>
    <subfield code="0">(orcid)0000-0002-4084-8124</subfield>
  </datafield>
  <datafield tag="700" ind1=" " ind2=" ">
    <subfield code="a">Carlos-Vivas, Jorge</subfield>
  </datafield>
  <datafield tag="710" ind1="2" ind2=" ">
    <subfield code="1">3001</subfield>
    <subfield code="2">187</subfield>
    <subfield code="a">Universidad de Zaragoza</subfield>
    <subfield code="b">Dpto. Expres.Music.Plást.Corp.</subfield>
    <subfield code="c">Área Didáctica Expres.Corporal</subfield>
  </datafield>
  <datafield tag="773" ind1=" " ind2=" ">
    <subfield code="g">2026, 1 (2026), 563746 [19 pp.]</subfield>
    <subfield code="p">J. nutr. metab.</subfield>
    <subfield code="t">Journal of Nutrition and Metabolism</subfield>
    <subfield code="x">2090-0724</subfield>
  </datafield>
  <datafield tag="856" ind1="4" ind2=" ">
    <subfield code="s">529464</subfield>
    <subfield code="u">http://zaguan.unizar.es/record/168645/files/texto_completo.pdf</subfield>
    <subfield code="y">Versión publicada</subfield>
  </datafield>
  <datafield tag="856" ind1="4" ind2=" ">
    <subfield code="s">2307026</subfield>
    <subfield code="u">http://zaguan.unizar.es/record/168645/files/texto_completo.jpg?subformat=icon</subfield>
    <subfield code="x">icon</subfield>
    <subfield code="y">Versión publicada</subfield>
  </datafield>
  <datafield tag="909" ind1="C" ind2="O">
    <subfield code="o">oai:zaguan.unizar.es:168645</subfield>
    <subfield code="p">articulos</subfield>
    <subfield code="p">driver</subfield>
  </datafield>
  <datafield tag="951" ind1=" " ind2=" ">
    <subfield code="a">2026-02-12-20:38:39</subfield>
  </datafield>
  <datafield tag="980" ind1=" " ind2=" ">
    <subfield code="a">ARTICLE</subfield>
  </datafield>
</record>
</collection>